000 00485nam a2200157 4500
001 108922
003 ES-MaACL
005 20230906184735.0
007 t|
008 061121s1944 mx r ||||1| spa d
245 0 3 _aEl movimineto cooperativo escolar en México /
_cUniversidad Autónoma de México.
260 _aMéxico D.F. :
_bMinerva,
_c1944.
300 _a98 p. ;
_c24 cm.
710 2 _aUniversidad Nacional Autónoma de México.
_97397
852 _aES-MaACL
_jL-3299
_bR.104551
999 _c108922
_d108922